|
|
|
|
| LEADER |
00000cam a2200000 i 4500 |
| 001 |
1/17786 |
| 008 |
010302s1998 eng d |
| 020 |
|
|
|a 0-534-95587-8
|
| 035 |
|
|
|l 10066261
|
| 040 |
|
|
|a GR-MY-UA
|b gre
|e aacr
|
| 041 |
0 |
|
|a eng
|
| 082 |
0 |
|
|a 624.177230285
|
| 100 |
1 |
|
|a Miller, Gregory J.
|
| 245 |
1 |
0 |
|a Visual mechanics :
|b beams & stress states /
|c Gregory R. Miller, Stephen C. Cooper
|
| 260 |
|
|
|a Boston :
|b PWS,
|c c1998
|
| 300 |
|
|
|a x, 150 p.
|e 1 computer laser optical disc ( 4 3/4 in.)
|
| 630 |
0 |
0 |
|a Java virtual machine.
|
| 650 |
0 |
0 |
|a Girders
|x Mathematical models
|x Data processing.
|
| 650 |
0 |
0 |
|a Structural analysis (Engineering)
|x Data processing.
|
| 650 |
0 |
0 |
|a Strains and stresses
|x Data processing.
|
| 700 |
1 |
|
|a Cooper, Stephen C.
|
| 852 |
|
|
|a INST
|b CHIOS
|e 20010302
|h 624.177230285 MIL
|p 005200021338
|q 005200021338
|t BK
|y 0
|
| 852 |
|
|
|a INST
|b CHIOS
|e 20010309
|h 624.177230285 MIL
|p 005200021455
|q 005200021455
|t BK
|y 0
|
| 901 |
|
|
|a BIBL2-2001-1
|
| 909 |
|
|
|a Χ
|b 083475
|
| 909 |
|
|
|a Χ
|b 083501
|
| 970 |
|
|
|a ΣΠΕΝΤΖΑ
|b ΕΛΕΝΗ
|z 2001/03/02
|